Manual de psicología, lógica y ética : (Record no. 180309)

MARC details
000 -LEADER
campo de control de longitud fija 00814nam a2200217 i 4500
001 - NÚMERO DE CONTROL
campo de control 180309
003 - IDENTIFICADOR DE NÚMERO DE CONTROL
campo de control ES-MaACL
005 - FECHA Y HORA DE LA ÚLTIMA TRANSACCIÓN
campo de control 20250822034829.0
008 - DATOS DE LONGITUD FIJA--INFORMACIÓN GENERAL
campo de control de longitud fija 120528m18831893sp |||| | spa d
100 1# - ENTRADA PRINCIPAL--NOMBRE DE PERSONA
Nombre de persona González Serrano, U.,
Fechas asociadas al nombre 1848-1904
9 (RLIN) 58968
245 10 - MENCIÓN DEL TÍTULO
Título Manual de psicología, lógica y ética :
Resto del título para su estudio elemental en los institutos de segunda enseñanza /
Mención de responsabilidad, etc. por Urbano González Serrano.
250 ## - MENCION DE EDICION
Mención de edición 2ª ed.
260 ## - PUBLICACIÓN, DISTRIBUCIÓN, ETC.
Lugar de publicación, distribución, etc. Madrid :
Nombre del editor, distribuidor, etc. Librería de Victoriano Suárez,
Fecha de publicación, distribución, etc. 1883-1893.
300 ## - DESCRIPCIÓN FÍSICA
Extensión 3 v. ;
Dimensiones 20 cm.
505 8# - NOTA DE CONTENIDO CON FORMATO
Nota de contenido con formato Contiene: 1. Psicología - 2. Lógica - 3. Ética o filosofía moral
650 07 - PUNTO DE ACCESO ADICIONAL DE MATERIA--TÉRMINO DE MATERIA
Término de materia o nombre geográfico como elemento de entrada Psicología-
Subdivisión general Estudio y enseñanza-
Subdivisión geográfica España
Fuente del encabezamiento o término
9 (RLIN) 172452
650 #4 - PUNTO DE ACCESO ADICIONAL DE MATERIA--TÉRMINO DE MATERIA
Término de materia o nombre geográfico como elemento de entrada Lógica.
9 (RLIN) 14693
650 #7 - PUNTO DE ACCESO ADICIONAL DE MATERIA--TÉRMINO DE MATERIA
Término de materia o nombre geográfico como elemento de entrada Ética
Fuente del encabezamiento o término embne
9 (RLIN) 12577
852 ## - LOCALIZACIÓN
Ubicación ES-MaACL
Número de control de estantería F-8741-43
Holdings
Estatus retirado Estado de pérdida Estado de daño No para préstamo Colección Biblioteca de origen Biblioteca actual Ubicación en estantería Fecha de adquisición Fuente de adquisición Total de préstamos Signatura topográfica completa Código de barras Visto por última vez Precio de reemplazo Tipo de ítem Koha
        Libros del s. XIX Biblioteca del Ateneo de Madrid Biblioteca del Ateneo de Madrid Sala Pecera Planta 2 28/05/2012     F-8741-43 1189463 23/02/2023 23/02/2023 Libro impreso antiguo